| 000 | 00357 a2200133 4500 | ||
|---|---|---|---|
| 005 | 20250520125955.0 | ||
| 020 | _a0-582 35544 3 | ||
| 082 | _a658.5 POW | ||
| 100 | _aPOWELL, J. | ||
| 245 | _aUnderstanding Business Production Decisions. | ||
| 260 |
_aLondon, _bLongman, _c1978. |
||
| 300 |
_aix, 214p.: ill.; figure _bGlossary & Index _c23cm. |
||
| 942 |
_2ddc _cBKS |
||
| 999 |
_c2482 _d2482 |
||